000 00707nam a22001817a 4500
003 OSt
005 20250120121826.0
008 240903b ||||| |||| 00| 0 eng d
040 _c0
082 _aDPer 808.042 C686 June-February 2021, vol 72-73, no. 1-4.
100 _aOkawa, Gail Y.
_eauthor.
_960027
245 _aRemembering our grandfather's exile :
_bus imprisonment of hawai'i's japanese in world war II /
_cGail Y.Okawa.
260 _aUSA;
_bNational Council of Teachers of English,
_c2021.
300 _avolume 72-73, pages 168-175.
500 _aCollege Composition & Communication, vol. 73, no. 1, pages 168-175, September 2021.
700 _aOkawa, Gail Y.
_eauthor.
_960027
942 _2ddc
_cPER
999 _c21265
_d21265